=LDR 00000nam 2200000 4500 =001 INLIS000000000036742 =005 20190406114856 =035 ##$$a 0010-061300000036742 =008 190406###########################0#ind## =041 ##$$a Ind =082 ##$$a 641.865 4 =090 ##$$a 641.865 4, Ism c =100 ##$$a Ismayani, Yeni =245 1#$$a Camilan gurih praktis, /$c Yeni Ismayani ; editor, Intarina Hardiman =260 ##$$a Jakarta :$b Gramedia,$c 2010 =300 ##$$a 40 hlm, : $b ilus, ; $c 21 cm =650 ##$$a Kue =850 ##$$a NBPNMAT =020 ##$$a 978-979-22-5783-0 =084 ##$$a 641.865 4 ISM c =710 ##$$a Hardiman, Intarina =990 ##$$a 21400613/BPAP-NTB/20142014 =990 ##$$a 0001/BPAP-NTB/20142015 =990 ##$$a 07260726 =990 ##$$a 21103297 =990 ##$$a 21400613/BPAP-NTB/20142014 =990 ##$$a 0001/BPAP-NTB/20142015